Rzeki w Niemczech - nagła śmierć - Statystyki

Ogólne statystyki
  • Ten quiz został rozwiązany 56 razy
  • Średni wynik to 6 z 20
Answers on the Grid
Answers color-coded by a green-red scale on the quiz's grid according to % correct below.
Berezyna
Biała Elstera
Cisa
Dalälven
Dunaj
Dźwina
Ems
Garonna
Hawela
Inn
Izara
Izera
Kama
Łaba
Lafnitz
Lech
Men
Mozela
Neckar
Nysa Kłodzka
Ochrza
Odra
Oka
Pad
Prut
Ren
Ruhra
Saara
Soława
Sprewa
Wełtawa
Werra
Wezera
 
Statystyki odpowiedzi
Odpowiedź % Poprawnych
Dunaj
68%
Łaba
58%
Men
53%
Odra
53%
Ren
53%
Inn
42%
Ruhra
42%
Saara
42%
Ems
32%
Biała Elstera
26%
Lech
26%
Mozela
26%
Sprewa
26%
Wezera
26%
Hawela
21%
Neckar
21%
Izara
11%
Ochrza
5%
Soława
5%
Werra
5%
Nie znaleziono quizów pasujących do podanych kryteriów
Rozkład punktacji
Procent ludzi z każdym wynikiem
Percentyl według liczby udzielonych odpowiedzi
Twoja historia wyników
Nie rozwiązałeś tego quizu